000 00786nmc a2200277 a 4500
003 AR-BaBNM
005 20251128204716.0
008 247019s1988 ||||||||||||||000 | spa||
020 _a950-46-0096-4
040 _cAR-BaBNM
100 1 _aMachado, Ana María
245 1 0 _aDel tamaño justo ;
_bRaúl de la herrumbre azul
260 _aBuenos Aires
_bAlfaguara
_c1988
300 _a123 p.
_bil.
490 0 _aJuvenil Alfaguara
_vv. 31
500 _aContiene biografía del autor en la contratapa
650 4 _aLITERATURA INFANTIL
650 4 _aLIBROS PARA NINOS
650 4 _aCUENTOS DE AVENTURAS
653 _aCUENTOS DE MISTERIO
655 _aLITERATURA
700 1 _aMerlino, Mario
_etraductor
700 1 _aLobato, Arcadio
_eilustrador
942 _cBK
998 _cLAURA
999 _c8515
_d8515